A practical guide to breeding your freshwater fish

Bibliographic Details
Main Author: Lambert Derek
Format: Book
Published: UK : Tankmaster publicition , 2012
Subjects:

MARC

LEADER 00000cam a2200000 7i4500
001 0000040416
005 20140410.0
008 140410
020 |a 0764152785 
090 0 0 |a 639.34   |b LAM 
100 1 |a Lambert Derek 
245 1 0 |a A practical guide to breeding your freshwater fish   |c Derek Lambert 
260 |a UK :   |b Tankmaster publicition ,   |c 2012 
650 0 |a Breeding your freshwater fish 
650 0 |a Practical guide to choosing 
999 |a 0001279553   |b Book   |c Adult Collection   |e Perbadanan Perpustakaan Awam Johor